| 000 | 01788nam a22002897a 4500 | ||
|---|---|---|---|
| 003 | OSt | ||
| 005 | 20260327105037.0 | ||
| 008 | 260327t2016 xxu||||| |||| 00| 0 spa d | ||
| 020 | _a9786071637154 | ||
| 040 |
_aUnicoc _bspa _c00001 _d00001 |
||
| 082 | _a333.9539 | ||
| 100 |
_912825 _aPérez Pariente, Joaquín |
||
| 245 |
_aBiocombustibles _b: Sus implicaciones energéticas, ambientales y sociales _c/ Pérez Pariente, Joaquín |
||
| 250 | _a1 ed. | ||
| 260 |
_aMexico : _bFondo de cultura económica , _c2016 |
||
| 300 |
_a247 páginas : _bilustraciones, gráficas, fotografías ; _c24 cm. |
||
| 505 |
_tCapítulo 1. Biocombustibles. -- _tCapítulo 2. Combustibles - Aspectos sociales. -- _tCapítulo 3. Combustibles - Aspectos ambientales. -- _tCapítulo 4. Recursos energéticos renovables. -- _tCapítulo 5. Ecología. -- _tCapítulo 6. Divulgación científica. |
||
| 520 | _aHoy en día, el uso de los biocombustibles es tema de debate entre los científicos del mundo, toda vez que no hay un consenso sobre sus implicaciones ambientales y sociales. En esta obra, el autor ofrece un panorama pormenorizado sobre la cuestión, en un intento por precisar cuál es la realidad de los biocombustibles, respecto a su viabilidad como alternativa energética aceptable desde el punto de vista de su sostenibilidad. Confrontando versiones favorables y adversas, el autor brinda los elementos necesarios para profundizar en un tema de la más apremiante actualidad. | ||
| 526 | _5Unicoc | ||
| 546 | _aEspañol | ||
| 650 | 0 |
_912826 _aBiocombustibles |
|
| 650 | 0 |
_97618 _aEnergía alternativa |
|
| 650 | 0 |
_95276 _aRecursos energéticos |
|
| 650 | 0 |
_910889 _aEconomía de los recursos energéticos |
|
| 658 | 0 |
_98260 _aPrograma de Ingeniería Industrial |
|
| 942 |
_2ddc _cLIBROS |
||
| 999 |
_c10795 _d10795 |
||